00756nam a2200241 a 4500001001300000003000900013005001700022008004100039020002600080082001600106100002300122245006900145260003300214300000900247500003500256505001200291650003700303700002300340902000800363942000700371952012100378999001500499nice12345678IN_TiNIC20260116013122.0050524s1990 lona grp 000 0 eng  a0716215 c357.7500a261.2bCRA2 aCracknell, Kenneth aTowards a New Relationship, Christians and People of Other Faith aLondonbEpworth Press c1990 a198p aincludes index and biblioraphy2 aIndices aChristianity and Other Religions1 aCracknell, Kenneth bSRS cBK 00104070aHMIbHMId2007-10-05g357.75l3o261.2 CRA2p015447q2026-02-24r2026-02-10s2026-02-10w2026-01-16yEB c9730d9730